[Event "Kvika Reykjavik Open 2022"]
[Site "Reykjavik, Iceland"]
[Date "2022.04.08"]
[Round "4.30"]
[White "Tania, Sachdev"]
[Black "White, Nigel"]
[Result "1-0"]
[WhiteElo "2392"]
[BlackElo "2018"]
[PlyCount "135"]
[EventDate "2022.??.??"]

1. d4 {[%eval 3,0]} Nf6 {[%eval 23,0]} 2. c4 {[%eval 2,0]} e6 {[%eval 23,0]} 3.
Nf3 {[%eval 0,0]} d5 {[%eval 17,0]} 4. Nc3 {[%eval 0,0]} Bb4 {[%eval 15,0]} 5.
Qa4+ {[%eval 18,0]} Nc6 {[%eval 19,0]} 6. Bg5 $6 {[%eval 33,0] Inaccuracy. e3
was best.} (6. e3 O-O 7. Qc2 Re8 8. Bd2 Bf8 9. a3 e5 10. dxe5 Nxe5) 6... dxc4 {
[%eval 16,0]} 7. e3 {[%eval 37,0]} Bd7 {[%eval 37,0]} 8. Qc2 {[%eval 31,0]} b5
{[%eval 27,0]} 9. Be2 {[%eval 26,0]} O-O {[%eval 0,0]} 10. a3 $6 {[%eval 67,0]
Inaccuracy. O-O was best.} (10. O-O a6) 10... Bxc3+ {[%eval 58,0]} 11. bxc3 {
[%eval 5,0]} a6 {[%eval 55,0]} 12. e4 {[%eval 76,0]} Qe8 {[%eval 35,0]} 13. Ne5
{[%eval 31,0]} Kh8 {[%eval 46,0]} 14. Bxf6 {[%eval 5,0]} gxf6 {[%eval 4,0]} 15.
Ng4 {[%eval 57,0]} Qe7 $4 {[%eval 111,0] Blunder. e5 was best.} (15... e5) 16.
O-O $4 {[%eval -68,0] Blunder. e5 was best.} (16. e5 fxe5 17. dxe5 Rg8 18. Nf6
Rg6 19. f4 Na5 20. O-O Bc6 21. Bf3 Rd8 22. Rad1 Bxf3) 16... Rg8 $2 {[%eval 0,0]
Mistake. e5 was best.} (16... e5 17. d5 Na5 18. a4 Nb3 19. Ra2 Nc5 20. Ne3 Nxa4
21. Bxc4 f5 22. Nxf5 Bxf5 23. exf5) 17. Ne3 $6 {[%eval 71,0] Inaccuracy. e5
was best.} (17. e5 fxe5 18. dxe5 Qh4 19. Rad1 Rad8 20. Qe4 h5 21. Rxd7 Rxd7 22.
Qxc6 Rd2 23. Nh6 Rxe2) 17... Rg7 $2 {[%eval 34,0] Mistake. e5 was best.} (17...
e5 18. d5) 18. f4 $4 {[%eval -65,0] Blunder. a4 was best.} (18. a4) 18... Rag8
$6 {[%eval 43,0] Inaccuracy. e5 was best.} (18... e5) 19. Bf3 {[%eval 34,0]}
Na5 {[%eval 33,0]} 20. Qf2 {[%eval 62,0]} c6 $2 {[%eval 55,0] Mistake. f5 was
best.} (20... f5 21. exf5) 21. Qh4 {[%eval 69,0]} Re8 $2 {[%eval 108,0]
Mistake. Qd8 was best.} (21... Qd8) 22. Ng4 {[%eval 211,0]} e5 {[%eval 181,0]}
23. Nxf6 {[%eval 184,0]} exd4 {[%eval 204,0]} 24. e5 $6 {[%eval 112,0]
Inaccuracy. cxd4 was best.} (24. cxd4 Nb3) 24... Bf5 {[%eval 92,0]} 25. cxd4 $6
{[%eval 0,0] Inaccuracy. Qh5 was best.} (25. Qh5 Bd3) 25... Rd8 {[%eval 6,0]}
26. Rad1 {[%eval 24,0]} c3 {[%eval 15,0]} 27. Qe1 {[%eval 22,0]} c2 {[%eval 5,
0]} 28. Qxa5 {[%eval 69,0]} cxd1=Q {[%eval 71,0]} 29. Rxd1 {[%eval 83,0]} Rg6 {
[%eval 64,0]} 30. Qxa6 $6 {[%eval 0,0] Inaccuracy. Ne4 was best.} (30. Ne4)
30... Rxf6 $6 {[%eval 85,0] Inaccuracy. Bc2 was best.} (30... Bc2 31. Rf1 Bd3
32. Ra1 Rxf6 33. exf6 Qxf6 34. Qb6 Qxd4+ 35. Qxd4+ Rxd4 36. Rc1 b4 37. axb4)
31. exf6 {[%eval 95,0]} Qxf6 $4 {[%eval 469,0] Blunder. Qe3+ was best.} (31...
Qe3+) 32. Qxc6 {[%eval 481,0]} Qe7 {[%eval 504,0]} 33. Qxb5 $2 {[%eval 309,0]
Mistake. d5 was best.} (33. d5) 33... Bc2 {[%eval 300,0]} 34. Rf1 {[%eval 304,
0]} Rxd4 {[%eval 298,0]} 35. Qe5+ {[%eval 298,0]} Qxe5 {[%eval 288,0]} 36. fxe5
{[%eval 269,0]} Kg7 {[%eval 298,0]} 37. Rc1 $6 {[%eval 207,0] Inaccuracy. Re1
was best.} (37. Re1 Ra4 38. Re3 Bf5 39. Kf2 Ra5 40. Bd1 Be6 41. a4 Kf8 42. Kg3
Bd5 43. Re2 Bc6) 37... Bb3 $2 {[%eval 376,0] Mistake. Be4 was best.} (37... Be4
) 38. Rc3 $6 {[%eval 298,0] Inaccuracy. Kf2 was best.} (38. Kf2 Ra4 39. Rc3 Be6
40. Ke3 Bd7 41. Bd1 Ra5 42. Kd4 Be6 43. Bb3 Rxa3 44. Bxe6 Rxc3) 38... Be6 {
[%eval 334,0]} 39. Kf2 {[%eval 346,0]} Rh4 {[%eval 388,0]} 40. h3 {[%eval 384,
0]} Kg6 {[%eval 438,0]} 41. Bc6 {[%eval 451,0]} Kf5 {[%eval 461,0]} 42. Rc5 {
[%eval 384,0]} h5 {[%eval 393,0]} 43. Ke3 {[%eval 308,0]} Bb3 $2 {[%eval 636,0]
Mistake. Rf4 was best.} (43... Rf4 44. a4 Rf1 45. a5 h4 46. Bb5 Ra1 47. a6 Ra2
48. Bd3+ Kg5 49. Rc7 Rxg2 50. a7) 44. Bd7+ $2 {[%eval 385,0] Mistake. Rb5 was
best.} (44. Rb5) 44... Be6 {[%eval 308,0]} 45. Bc6 {[%eval 375,0]} Bb3 $2 {
[%eval 661,0] Mistake. Rf4 was best.} (45... Rf4 46. a4 Rf1 47. Be4+ Kg5 48.
Rc3 Ra1 49. Bc6 h4 50. Kd4 Ra2 51. Kc5 Kf5 52. Kd6) 46. Bf3 $6 {[%eval 437,0]
Inaccuracy. Rb5 was best.} (46. Rb5) 46... Be6 {[%eval 421,0]} 47. Bxh5 {
[%eval 413,0]} Ra4 {[%eval 414,0]} 48. Bg4+ {[%eval 375,0]} Kg5 {[%eval 383,0]}
49. Bxe6 {[%eval 366,0]} Rxa3+ {[%eval 349,0]} 50. Kd4 {[%eval 318,0]} fxe6 {
[%eval 368,0]} 51. Rc2 {[%eval 299,0]} Ra4+ {[%eval 327,0]} 52. Kc5 {[%eval
362,0]} Kf5 {[%eval 301,0]} 53. Re2 $6 {[%eval 195,0] Inaccuracy. Kd6 was best.
} (53. Kd6 Rd4+ 54. Ke7 Kxe5 55. g4 Kf4 56. Kxe6 Kg5 57. Rf2 Ra4 58. Rf5+ Kg6
59. Kd5 Rb4) 53... Ra5+ {[%eval 246,0]} 54. Kd6 $6 {[%eval 174,0] Inaccuracy.
Kd4 was best.} (54. Kd4) 54... Ra6+ {[%eval 182,0]} 55. Ke7 {[%eval 204,0]}
Ra7+ {[%eval 205,0]} 56. Kf8 {[%eval 107,0]} Rb7 $4 {[%eval 406,0] Blunder.
Kf4 was best.} (56... Kf4 57. g4) 57. g4+ {[%eval 418,0]} Kf4 $6 {[%eval 605,0]
Inaccuracy. Kg5 was best.} (57... Kg5 58. Rg2) 58. Rf2+ {[%eval 603,0]} Kxe5 {
[%eval 606,0]} 59. g5 {[%eval 635,0]} Rh7 {[%eval 566,0]} 60. Rf3 {[%eval 508,
0]} Ke4 {[%eval 656,0]} 61. g6 {[%eval 571,0]} Rh8+ {[%eval 619,0]} 62. Kg7 {
[%eval 685,0]} Rh4 {[%eval 724,0]} 63. Ra3 {[%eval 723,0]} Kf5 {[%eval 744,0]}
64. Kf7 {[%eval 741,0]} Rb4 {[%eval 769,0]} 65. Rf3+ {[%eval 731,0]} Kg5 {
[%eval 783,0]} 66. Rg3+ {[%eval 788,0]} Kh6 $2 {[%eval 32752,0] Checkmate is
now unavoidable. Kf5 was best.} (66... Kf5 67. g7) 67. g7 {[%eval 32754,0]}
Rb7+ {[%eval 32754,0]} 68. Kf6 {[%eval 32756,0]} 1-0

[Event "Kvika Reykjavik Open 2022"]
[Site "Reykjavik, Iceland"]
[Date "2022.04.08"]
[Round "4.32"]
[White "Song, Julien"]
[Black "Khoury, Theo"]
[Result "1-0"]
[WhiteElo "2373"]
[BlackElo "1949"]
[PlyCount "79"]
[EventDate "2022.??.??"]

1. d4 {[%eval 3,0]} Nf6 {[%eval 23,0]} 2. c4 {[%eval 2,0]} c5 $6 {[%eval 78,0]
Inaccuracy. e6 was best.} (2... e6 3. Nf3 d5 4. Nc3 c6 5. Bg5 h6 6. Bxf6 Qxf6
7. e3) 3. d5 {[%eval 75,0]} e6 {[%eval 82,0]} 4. Nc3 {[%eval 48,0]} exd5 {
[%eval 97,0]} 5. cxd5 {[%eval 29,0]} d6 {[%eval 89,0]} 6. Nf3 {[%eval 86,0]} g6
{[%eval 95,0]} 7. h3 $6 {[%eval 4,0] Inaccuracy. Nd2 was best.} (7. Nd2 Bg7 8.
e4 a6 9. a4 O-O 10. Be2 Nbd7 11. h3 Re8) 7... Bg7 {[%eval 82,0]} 8. e4 {
[%eval 72,0]} O-O {[%eval 75,0]} 9. Be3 {[%eval 98,0]} b5 {[%eval 111,0]} 10.
e5 {[%eval 97,0]} dxe5 {[%eval 106,0]} 11. Bxb5 {[%eval 144,0]} e4 {[%eval 115,
0]} 12. Ne5 {[%eval 71,0]} Ne8 $6 {[%eval 137,0] Inaccuracy. Nh5 was best.} (
12... Nh5 13. Nc4 Bd7 14. a4 a6 15. Bxd7 Nxd7 16. d6 f5 17. g4 f4 18. Bd2 e3
19. gxh5) 13. Nc6 {[%eval 172,0]} Qb6 {[%eval 229,0]} 14. Ne7+ {[%eval 228,0]}
Kh8 {[%eval 243,0]} 15. Nxc8 {[%eval 254,0]} Bxc3+ {[%eval 266,0]} 16. bxc3 {
[%eval 272,0]} Qxb5 {[%eval 244,0]} 17. Ne7 $6 {[%eval 152,0] Inaccuracy. Rb1
was best.} (17. Rb1 Qa5 18. Bh6 Nd7 19. Bxf8 Nxf8 20. Ne7 Qxc3+ 21. Qd2 Qf6 22.
Qb2 Qxb2 23. Rxb2 Nd6) 17... Nd6 $6 {[%eval 242,0] Inaccuracy. Nd7 was best.} (
17... Nd7 18. Qb3) 18. Bf4 {[%eval 193,0]} Nc4 $2 {[%eval 347,0] Mistake. Qd7
was best.} (18... Qd7 19. Nc6 Rc8 20. Na5 Qe7 21. O-O Nd7 22. f3 f5 23. Rb1 Re8
24. fxe4 Nxe4 25. Rb7) 19. O-O {[%eval 331,0]} Nd7 {[%eval 387,0]} 20. Qb3 $2 {
[%eval 109,0] Mistake. d6 was best.} (20. d6 Nde5) 20... Qa6 {[%eval 209,0]}
21. Nc6 {[%eval 158,0]} Rfe8 {[%eval 109,0]} 22. a4 {[%eval 234,0]} Nde5 $6 {
[%eval 344,0] Inaccuracy. Nf6 was best.} (22... Nf6 23. Rfd1 e3 24. Bxe3 Nxe3
25. fxe3 Ne4 26. c4 Qc8 27. a5 Kg8 28. a6 Qc7 29. Rf1) 23. Qb5 {[%eval 348,0]}
Qb6 {[%eval 415,0]} 24. Rfb1 {[%eval 443,0]} h5 $6 {[%eval 686,0] Inaccuracy.
Qxb5 was best.} (24... Qxb5 25. axb5) 25. Qxb6 {[%eval 691,0]} axb6 {[%eval
686,0]} 26. Nxe5 {[%eval 677,0]} Nxe5 {[%eval 666,0]} 27. Rxb6 {[%eval 626,0]}
Nd3 {[%eval 663,0]} 28. Bg5 {[%eval 627,0]} c4 {[%eval 791,0]} 29. a5 {[%eval
818,0]} Rab8 {[%eval 848,0]} 30. Rxb8 {[%eval 846,0]} Rxb8 {[%eval 852,0]} 31.
a6 {[%eval 797,0]} Nc5 {[%eval 963,0]} 32. a7 {[%eval 948,0]} Ra8 {[%eval 969,
0]} 33. Be3 {[%eval 936,0]} Nd7 {[%eval 1000,0]} 34. Rb1 {[%eval 1002,0]} Kg7 {
[%eval 1043,0]} 35. Bd4+ {[%eval 935,0]} Kf8 {[%eval 935,0]} 36. d6 {[%eval
905,0]} Ke8 {[%eval 953,0]} 37. Rb4 {[%eval 932,0]} Kd8 {[%eval 963,0]} 38.
Rxc4 {[%eval 993,0]} Nf8 {[%eval 1192,0]} 39. Rc7 {[%eval 1173,0]} Nd7 {
[%eval 1202,0]} 40. c4 {[%eval 1200,0]} 1-0

[Event "Kvika Reykjavik Open 2022"]
[Site "Reykjavik, Iceland"]
[Date "2022.04.08"]
[Round "4.33"]
[White "Dishman, stephen"]
[Black "Maes, Tibo"]
[Result "1-0"]
[WhiteElo "2339"]
[BlackElo "1946"]
[PlyCount "93"]
[EventDate "2022.??.??"]

1. Nf3 {[%eval 29,0]} d5 {[%eval 34,0]} 2. d4 {[%eval 28,0]} Nf6 {[%eval 25,0]}
3. Bf4 {[%eval 0,0]} e6 {[%eval 1,0]} 4. Nbd2 {[%eval 0,0]} Bd6 {[%eval 14,0]}
5. Bg5 {[%eval 9,0]} c5 {[%eval 36,0]} 6. e4 {[%eval 1,0]} dxe4 $4 {[%eval 173,
0] Blunder. Be7 was best.} (6... Be7 7. exd5 Nxd5 8. Bxe7 Qxe7 9. Bc4 O-O 10.
O-O Nf6 11. dxc5) 7. Nxe4 {[%eval 178,0]} cxd4 {[%eval 181,0]} 8. Qxd4 $6 {
[%eval 101,0] Inaccuracy. Bb5+ was best.} (8. Bb5+ Kf8) 8... Be7 {[%eval 131,0]
} 9. Qxd8+ {[%eval 136,0]} Kxd8 {[%eval 127,0]} 10. O-O-O+ {[%eval 102,0]} Bd7
{[%eval 139,0]} 11. Nd6 {[%eval 112,0]} Bxd6 {[%eval 128,0]} 12. Bxf6+ $6 {
[%eval 46,0] Inaccuracy. Rxd6 was best.} (12. Rxd6) 12... gxf6 {[%eval 3,0]}
13. Rxd6 {[%eval 47,0]} Ke7 {[%eval 39,0]} 14. Rd2 {[%eval 39,0]} Rg8 {[%eval
62,0]} 15. g3 {[%eval 81,0]} Bc6 {[%eval 62,0]} 16. Be2 {[%eval 85,0]} Nd7 {
[%eval 64,0]} 17. Re1 {[%eval 77,0]} Nc5 {[%eval 62,0]} 18. Nd4 {[%eval 73,0]}
Ne4 $6 {[%eval 126,0] Inaccuracy. Rgc8 was best.} (18... Rgc8 19. Bf1) 19.
Nxc6+ {[%eval 143,0]} bxc6 {[%eval 136,0]} 20. Rd4 {[%eval 98,0]} Nxf2 $2 {
[%eval 264,0] Mistake. f5 was best.} (20... f5) 21. Bf3 $4 {[%eval 0,0]
Blunder. Rf1 was best.} (21. Rf1) 21... Rac8 $4 {[%eval 379,0] Blunder. f5 was
best.} (21... f5 22. Ra4 a5 23. Re2 Ng4 24. Bxc6 Rac8 25. Bb5 Ra8) 22. Ra4 $4 {
[%eval 117,0] Blunder. Re2 was best.} (22. Re2 Nh3) 22... Rc7 $4 {[%eval 406,0]
Blunder. f5 was best.} (22... f5) 23. Rf1 {[%eval 404,0]} Nh3 {[%eval 457,0]}
24. Bg2 {[%eval 432,0]} Ng5 {[%eval 426,0]} 25. h4 {[%eval 416,0]} h5 {[%eval
421,0]} 26. hxg5 {[%eval 423,0]} Rxg5 {[%eval 447,0]} 27. Bf3 {[%eval 429,0]}
Rxg3 {[%eval 437,0]} 28. Bxh5 {[%eval 466,0]} f5 {[%eval 437,0]} 29. Be2 {
[%eval 443,0]} Rg2 {[%eval 428,0]} 30. Bd3 {[%eval 417,0]} Rg4 {[%eval 402,0]}
31. Rff4 {[%eval 365,0]} Rxf4 {[%eval 327,0]} 32. Rxf4 {[%eval 343,0]} Kf6 {
[%eval 306,0]} 33. Kd2 {[%eval 349,0]} Kg5 {[%eval 348,0]} 34. Ke3 {[%eval 358,
0]} Rc8 {[%eval 376,0]} 35. b4 {[%eval 327,0]} Rh8 {[%eval 317,0]} 36. a4 $4 {
[%eval 132,0] Blunder. Rf3 was best.} (36. Rf3 Rh4) 36... Rh3+ {[%eval 151,0]}
37. Rf3 {[%eval 204,0]} f4+ {[%eval 167,0]} 38. Ke2 {[%eval 162,0]} Rh1 $2 {
[%eval 338,0] Mistake. Rh8 was best.} (38... Rh8 39. Be4 f5 40. Bxc6 e5 41. Rf1
e4 42. b5 f3+ 43. Ke3 Rh2 44. c4 Re2+ 45. Kd4) 39. Rf1 {[%eval 361,0]} Rh2+ {
[%eval 356,0]} 40. Rf2 {[%eval 335,0]} Rh1 {[%eval 357,0]} 41. Rg2+ {[%eval
372,0]} Kf6 {[%eval 391,0]} 42. b5 {[%eval 348,0]} c5 $6 {[%eval 498,0]
Inaccuracy. cxb5 was best.} (42... cxb5) 43. a5 {[%eval 525,0]} Ra1 {[%eval
549,0]} 44. a6 {[%eval 527,0]} e5 {[%eval 551,0]} 45. Rg8 {[%eval 551,0]} Ra4 {
[%eval 511,0]} 46. Kf3 {[%eval 555,0]} Rd4 {[%eval 707,0]} 47. b6 {[%eval 677,
0]} 1-0

[Event "Kvika Reykjavik Open 2022"]
[Site "Reykjavik, Iceland"]
[Date "2022.04.08"]
[Round "4.34"]
[White "Brunello, Marina"]
[Black "Unhjem, Bjorn Robert Lovoll"]
[Result "1-0"]
[WhiteElo "2337"]
[BlackElo "1939"]
[PlyCount "81"]
[EventDate "2022.??.??"]

1. e4 {[%eval 33,0]} c5 {[%eval 32,0]} 2. Nf3 {[%eval 0,0]} d6 {[%eval 0,0]} 3.
d4 {[%eval 15,0]} cxd4 {[%eval 13,0]} 4. Nxd4 {[%eval 29,0]} Nf6 {[%eval 31,0]}
5. Nc3 {[%eval 18,0]} g6 $6 {[%eval 79,0] Inaccuracy. a6 was best.} (5... a6 6.
Bd3 e5 7. Nde2 Nc6 8. O-O Be6 9. h3 d5 10. exd5) 6. Be3 {[%eval 46,0]} Bg7 {
[%eval 55,0]} 7. f3 {[%eval 5,0]} O-O {[%eval 51,0]} 8. Qd2 {[%eval 73,0]} Nc6
{[%eval 81,0]} 9. O-O-O {[%eval 71,0]} d5 {[%eval 73,0]} 10. exd5 {[%eval 68,0]
} Nxd5 {[%eval 89,0]} 11. Nxc6 {[%eval 74,0]} bxc6 {[%eval 104,0]} 12. Bd4 {
[%eval 91,0]} Bxd4 {[%eval 93,0]} 13. Qxd4 {[%eval 83,0]} Qa5 {[%eval 6,0]} 14.
Nxd5 {[%eval 97,0]} cxd5 {[%eval 87,0]} 15. Qxd5 {[%eval 94,0]} Qc7 {[%eval 74,
0]} 16. Qxa8 {[%eval 89,0]} Bf5 {[%eval 77,0]} 17. Qxf8+ {[%eval 88,0]} Kxf8 {
[%eval 85,0]} 18. Bd3 {[%eval 76,0]} Be6 {[%eval 9,0]} 19. Kb1 {[%eval 67,0]}
Qe5 {[%eval 92,0]} 20. Rde1 {[%eval 100,0]} Qd6 {[%eval 101,0]} 21. h3 {
[%eval 86,0]} a5 $6 {[%eval 163,0] Inaccuracy. h5 was best.} (21... h5 22. Re2
a5 23. a4 Qd4 24. Bb5 h4 25. Rhe1 Bf5 26. Ka2 e5 27. c3 Be6+ 28. Ka1) 22. a4 {
[%eval 119,0]} Qd5 $6 {[%eval 175,0] Inaccuracy. h5 was best.} (22... h5 23.
Bb5 Qd2 24. Re2 Qd4 25. b3 Bf5 26. Bc6 Qb6 27. Be4 Bd7 28. Ka2 Qd4 29. Bd3) 23.
b3 {[%eval 200,0]} Qd4 {[%eval 179,0]} 24. Re4 {[%eval 168,0]} Qc3 {[%eval 189,
0]} 25. Rd1 {[%eval 197,0]} Bd5 {[%eval 203,0]} 26. Re2 {[%eval 244,0]} e5 $6 {
[%eval 342,0] Inaccuracy. Bxb3 was best.} (26... Bxb3 27. cxb3 Qxb3+ 28. Kc1
Qxa4 29. Rb2 Qa1+ 30. Kc2 Qa4+ 31. Kd2 Qd4 32. Kc1 a4 33. Kb1) 27. Bb5 {
[%eval 348,0]} Be6 {[%eval 345,0]} 28. Bd7 $6 {[%eval 222,0] Inaccuracy. Rd3
was best.} (28. Rd3 Qc5) 28... e4 $4 {[%eval 653,0] Blunder. Bxb3 was best.} (
28... Bxb3 29. cxb3 Qxb3+ 30. Kc1 e4 31. fxe4 Qc3+ 32. Rc2 Qa1+ 33. Kd2 Qd4+
34. Ke1 Qg1+ 35. Ke2) 29. Bxe6 {[%eval 658,0]} exf3 {[%eval 636,0]} 30. gxf3 {
[%eval 602,0]} fxe6 {[%eval 634,0]} 31. Rxe6 {[%eval 607,0]} Qxf3 {[%eval 593,
0]} 32. Rd3 {[%eval 659,0]} Qf5 {[%eval 688,0]} 33. Red6 {[%eval 593,0]} Qe4 {
[%eval 702,0]} 34. R6d5 {[%eval 672,0]} h5 {[%eval 704,0]} 35. Kb2 {[%eval 711,
0]} Qe1 {[%eval 773,0]} 36. Rc3 {[%eval 782,0]} Qe7 {[%eval 847,0]} 37. Rxa5 {
[%eval 849,0]} Qf6 {[%eval 1101,0]} 38. Rac5 {[%eval 829,0]} g5 {[%eval 946,0]}
39. Ka2 {[%eval 962,0]} g4 {[%eval 1138,0]} 40. hxg4 {[%eval 1571,0]} hxg4 {
[%eval 7225,0]} 41. Rc8+ {[%eval 6708,0]} 1-0

[Event "Kvika Reykjavik Open 2022"]
[Site "Reykjavik, Iceland"]
[Date "2022.04.08"]
[Round "4.36"]
[White "Steiner, Juraj"]
[Black "Heimisson, Hilmir Freyr"]
[Result "0-1"]
[WhiteElo "2028"]
[BlackElo "2321"]
[PlyCount "80"]
[EventDate "2022.??.??"]

1. d4 {[%eval 3,0]} Nf6 {[%eval 23,0]} 2. c4 {[%eval 2,0]} e6 {[%eval 23,0]} 3.
Nc3 {[%eval 5,0]} Bb4 {[%eval 25,0]} 4. e3 {[%eval 0,0]} O-O {[%eval 21,0]} 5.
Bd3 {[%eval 0,0]} d5 {[%eval 13,0]} 6. cxd5 {[%eval 0,0]} exd5 {[%eval 0,0]} 7.
Nge2 {[%eval 0,0]} Re8 {[%eval 0,0]} 8. O-O {[%eval 1,0]} c6 {[%eval 26,0]} 9.
Qc2 {[%eval 6,0]} Bd6 {[%eval 6,0]} 10. f3 {[%eval 0,0]} c5 {[%eval 7,0]} 11.
Nb5 $6 {[%eval 7,0] Inaccuracy. dxc5 was best.} (11. dxc5) 11... c4 {[%eval 87,
0]} 12. Bf5 {[%eval -98,0]} Nc6 {[%eval -91,0]} 13. Bxc8 {[%eval -97,0]} Rxc8 {
[%eval 87,0]} 14. Nxd6 {[%eval 96,0]} Qxd6 {[%eval 88,0]} 15. Bd2 {[%eval 93,0]
} b5 {[%eval -96,0]} 16. a3 {[%eval -88,0]} a6 {[%eval 86,0]} 17. b4 $6 {
[%eval -61,0] Inaccuracy. Rfe1 was best.} (17. Rfe1 h6) 17... cxb3 $6 {[%eval
64,0] Inaccuracy. Qd7 was best.} (17... Qd7) 18. Qxb3 {[%eval 71,0]} Nd7 {
[%eval 78,0]} 19. a4 {[%eval -96,0]} b4 {[%eval 76,0]} 20. a5 {[%eval 42,0]}
Rb8 {[%eval 49,0]} 21. Nf4 $2 {[%eval -37,0] Mistake. Rfb1 was best.} (21. Rfb1
Rb5 22. Qd3 Rc8 23. Nc1 Nxa5 24. Na2 Nc6 25. Nc1 Nb6 26. Rxa6 Nc4 27. Rba1 Qg6)
21... Rb5 {[%eval -21,0]} 22. Rfb1 {[%eval -83,0]} Reb8 {[%eval -51,0]} 23. Qd3
{[%eval -64,0]} Nf8 {[%eval -19,0]} 24. Qf5 $4 {[%eval -203,0] Blunder. Be1
was best.} (24. Be1) 24... g6 $4 {[%eval -48,0] Blunder. Nxa5 was best.} (24...
Nxa5 25. Be1 Nc4 26. Bg3 R8b6 27. Qd3 Ne6 28. Ng6 Qd8 29. Ne5 Nxe5 30. Bxe5 a5
31. Rc1) 25. Qd3 {[%eval -52,0]} Ne6 {[%eval -58,0]} 26. Nxe6 {[%eval -47,0]}
Qxe6 {[%eval -61,0]} 27. e4 $6 {[%eval -176,0] Inaccuracy. Ra4 was best.} (27.
Ra4 Qd7 28. Be1 h5 29. h3 Qd6 30. Qc2 Qe6 31. Qd3 g5 32. Rb2 g4 33. hxg4 hxg4)
27... Qd7 {[%eval -116,0]} 28. e5 $6 {[%eval -209,0] Inaccuracy. Ra4 was best.}
(28. Ra4 dxe4 29. fxe4 Ne5 30. Qe3 Nc4 31. Qd3 Nxd2 32. Qxd2 b3 33. Qc3 b2 34.
Rc4 Qd8) 28... Qf5 $6 {[%eval -155,0] Inaccuracy. Qa7 was best.} (28... Qa7 29.
e6) 29. Qe3 $2 {[%eval -379,0] Mistake. Qxf5 was best.} (29. Qxf5 gxf5) 29...
h5 $2 {[%eval -189,0] Mistake. Rxa5 was best.} (29... Rxa5) 30. Rc1 $4 {
[%eval -494,0] Blunder. h3 was best.} (30. h3 g5) 30... Nxa5 {[%eval -472,0]}
31. Bxb4 {[%eval -546,0]} Nc4 {[%eval -573,0]} 32. Rxc4 {[%eval -538,0]} dxc4 {
[%eval -562,0]} 33. Be7 {[%eval -800,0]} Rb1+ {[%eval -793,0]} 34. Rxb1 {
[%eval -777,0]} Rxb1+ {[%eval -638,0]} 35. Kf2 {[%eval -623,0]} Rb2+ {[%eval
-622,0]} 36. Kg3 {[%eval -647,0]} Qc2 {[%eval -695,0]} 37. Kh4 {[%eval -784,0]}
Qxg2 {[%eval -848,0]} 38. Qe4 {[%eval -6391,0]} Kh7 {[%eval -706,0]} 39. Qd5 $2
{[%eval -32761,0] Checkmate is now unavoidable. Qf4 was best.} (39. Qf4 Qxh2+)
39... Qxh2+ {[%eval -32763,0]} 40. Kg5 {[%eval -32763,0]} Qg3+ {[%eval -32765,
0]} 0-1

[Event "Kvika Reykjavik Open 2022"]
[Site "Reykjavik, Iceland"]
[Date "2022.04.08"]
[Round "4.37"]
[White "Lim, Zhuo Ren"]
[Black "Arnalds, Stefan"]
[Result "1-0"]
[WhiteElo "2317"]
[BlackElo "1900"]
[PlyCount "70"]
[EventDate "2022.??.??"]

1. d4 {[%eval 3,0]} Nf6 {[%eval 23,0]} 2. c4 {[%eval 2,0]} g6 {[%eval 3,0]} 3.
Nf3 {[%eval 25,0]} Bg7 {[%eval 13,0]} 4. g3 {[%eval 0,0]} O-O {[%eval 12,0]} 5.
Bg2 {[%eval 13,0]} c5 {[%eval 4,0]} 6. O-O {[%eval 23,0]} cxd4 {[%eval 27,0]}
7. Nxd4 {[%eval 14,0]} Qc7 $6 {[%eval 71,0] Inaccuracy. d5 was best.} (7... d5
8. cxd5 Nxd5 9. Nc3 Nxc3 10. bxc3 Nc6 11. Nxc6 bxc6 12. Qxd8) 8. Nb5 {[%eval
99,0]} Qa5 {[%eval 87,0]} 9. Bd2 {[%eval 84,0]} Qd8 {[%eval 97,0]} 10. N1c3 {
[%eval 87,0]} a6 {[%eval 97,0]} 11. Na3 {[%eval 87,0]} d6 {[%eval 107,0]} 12.
Rc1 {[%eval 95,0]} Nc6 {[%eval 115,0]} 13. h3 {[%eval 91,0]} Be6 {[%eval 75,0]}
14. Be3 {[%eval 9,0]} Rb8 {[%eval 103,0]} 15. Qd2 $6 {[%eval 16,0] Inaccuracy.
Nd5 was best.} (15. Nd5 Bxd5 16. cxd5 Nb4 17. Qb3 Nbxd5 18. Bxd5 Nxd5 19. Qxd5
Bxb2 20. Nb1 Bxc1 21. Bxc1 Re8) 15... Qd7 $2 {[%eval 131,0] Mistake. Qa5 was
best.} (15... Qa5 16. Rfd1 Rfc8 17. Nd5 Qxd2 18. Nxf6+ Bxf6 19. Rxd2 b6 20. b3
Nb4 21. Kh2 h5 22. Nb1) 16. Kh2 {[%eval 103,0]} Ne5 {[%eval 126,0]} 17. Nd5 {
[%eval 158,0]} b5 {[%eval 119,0]} 18. Nxf6+ {[%eval 114,0]} Bxf6 {[%eval 131,0]
} 19. cxb5 {[%eval 108,0]} axb5 {[%eval 102,0]} 20. b3 {[%eval 116,0]} b4 {
[%eval 102,0]} 21. Nc2 {[%eval 107,0]} Nc6 {[%eval 115,0]} 22. Bxc6 {[%eval
112,0]} Qxc6 {[%eval 156,0]} 23. Nxb4 {[%eval 119,0]} Qb5 {[%eval 147,0]} 24.
Nc6 $6 {[%eval 72,0] Inaccuracy. Nd3 was best.} (24. Nd3 Qf5) 24... Qh5 {
[%eval 6,0]} 25. Nxb8 $4 {[%eval -77,0] Blunder. h4 was best.} (25. h4) 25...
Bxh3 $4 {[%eval 375,0] Blunder. Qxh3+ was best.} (25... Qxh3+ 26. Kg1) 26. Rh1
{[%eval 376,0]} Rxb8 {[%eval 358,0]} 27. Kg1 {[%eval 381,0]} Qg4 {[%eval 331,0]
} 28. Rc4 {[%eval 339,0]} Qf5 $6 {[%eval 429,0] Inaccuracy. Qd7 was best.} (
28... Qd7 29. Bh6) 29. f3 $6 {[%eval 336,0] Inaccuracy. Bh6 was best.} (29. Bh6
Qb1+) 29... h5 {[%eval 332,0]} 30. Kf2 {[%eval 343,0]} Qd7 $6 {[%eval 445,0]
Inaccuracy. d5 was best.} (30... d5 31. Rf4 Qd7 32. Rxf6 exf6 33. Bd4 Qf5 34.
b4 g5 35. a4 g4 36. b5 Ra8 37. Qh6) 31. Rhc1 {[%eval 372,0]} d5 {[%eval 365,0]}
32. Rc7 {[%eval 304,0]} Qd6 $6 {[%eval 469,0] Inaccuracy. Qf5 was best.} (32...
Qf5) 33. R1c6 {[%eval 507,0]} Qe5 {[%eval 527,0]} 34. Bf4 {[%eval 531,0]} Qf5 {
[%eval 505,0]} 35. Qd3 $6 {[%eval 385,0] Inaccuracy. Rc5 was best.} (35. Rc5 h4
) 35... Qxd3 {[%eval 344,0]} 1-0